000 00808nam a2200253Ia 4500
003 OSt
005 20220926004620.0
006 a|||||r|||| 00| 0
007 ta
008 220923b |||||||| |||| 00| 0 eng d
020 _a9780415585736
_c760.75
037 _b11698, 15/03/2013, ASIAN BOOK CENTRE
_cGeneral Book
040 _aRTL
_cRTL
_beng
041 _2eng
_aeng
082 _aYX.4, Q0
100 _aCOOK Sarah
_9144285
245 0 _aSocial protection as development policy
_b Asian perspectives.
260 _a New Delhi
_bRoutledge
_c2010
300 _axxiv, 371p.
_ccm.
500 _aGlossary: p xxi-xxii
700 _a KABEER Naila
_9144286
942 _hYX.4, Q0
_cGB
_2CC
999 _c611776
_d611776